01194nam a2200193Ia 4500001001100000003001000011008004100021040002500062041001300087100002700100245008800127250001100215260006600226300002800292500026600320501011400586520026600700650003400966L251-17981IT-CnALBA170116s9999||||xx |||||||||||||| ||und|| aIT-CnALBAcIT-CnALBA aITALIANO aFRANCO P. SECONDO, SJ. 0aOPERE. VOL. XIII: IL SOPRANNATURALE, OSSIA, LE RICCHEZZE IN TERIORI DEL CRISTIANO.  a2a ed. aARC. MODENA.bIMMAC. CONCEZ. TIP. PONT.c1886 [1° Ed.: n.d.] a520 p. (prefazione: 14) aNOZIONE DI SOPRANNATURALE. BONTÀ DI DIO. MEZZI PER RAGGIUNGERLO. LA GRAZIA FIGLI DI DIO. AMICI. DONO DELLO SPIRITO SANTO. FEDE, SPERANZA, CARITÀ VERSO IL PROSSIMO. OPERE BUONE. MERITI. EUCARISTIA, FONTE DI GRAZIA. S. MESSA. MARIA. CUORE DI GESÙ. INSUFFICI aSocietà San Paolo EM - Piazza San Paolo, 14 - 12051 ALBA (CN) (non commercial uses only) ® Copyright 2017 aNOZIONE DI SOPRANNATURALE. BONTÀ DI DIO. MEZZI PER RAGGIUNGERLO. LA GRAZIA FIGLI DI DIO. AMICI. DONO DELLO SPIRITO SANTO. FEDE, SPERANZA, CARITÀ VERSO IL PROSSIMO. OPERE BUONE. MERITI. EUCARISTIA, FONTE DI GRAZIA. S. MESSA. MARIA. CUORE DI GESÙ. INSUFFICI aPREDICAZIONE - ORATORIA SACRA